Player of the Match - Europei 2024 - Statistics

Statistiche generali
  • Questo quiz è stato fatto 16 volte
    11 dall'ultimo reset
  • Il punteggio medio è 12 su 51
Statistiche sulle risposte
Partita Player of the Match % Corretto
Germania - Scozia 5-1 Jamal Musiala
82%
Spagna - Francia 2-1 Lamine Yamal
73%
Spagna - Germania 2-1 (d.t.s.) Dani Olmo
55%
Serbia - Inghilterra 0-1 Jude Bellingham
55%
Inghilterra - Slovacchia 2-1 (d.t.s.) Jude Bellingham
55%
Croazia - Italia 1-1 Luka Modrić
45%
Spagna - Italia 1-0 Nico Williams
45%
Spagna - Inghilterra 2-1 Nico Williams
45%
Portogallo - Slovenia 0-0 (d.t.s.) (3-0 d.t.r.) Diogo Costa
36%
Spagna - Croazia 3-0 Fabián Ruiz
36%
Ungheria - Svizzera 1-3 Granit Xhaka
36%
Svizzera - Germania 1-1 Granit Xhaka
36%
Georgia - Portogallo 2-0 Khvicha K'varatskhelia
36%
Austria - Turchia 1-2 Merih Demiral
36%
Paesi Bassi - Inghilterra 1-2 Ollie Watkins
36%
Portogallo - Francia 0-0 (d.t.s.) (3-5 d.t.r.) Ousmane Dembélé
36%
Spagna - Georgia 4-1 Rodri
36%
Turchia - Portogallo 0-3 Bernardo Silva
27%
Slovenia - Danimarca 1-1 Christian Eriksen
27%
Danimarca - Serbia 0-0 Christian Eriksen
27%
Polonia - Paesi Bassi 1-2 Cody Gakpo
27%
Romania - Paesi Bassi 0-3 Cody Gakpo
27%
Paesi Bassi - Austria 2-3 Marcel Sabitzer
27%
Turchia - Georgia 3-1 Arda Güler
18%
Inghilterra - Svizzera 1-1 (d.t.s.) (5-3 d.t.r.) Bukayo Saka
18%
Italia - Albania 2-1 Federico Chiesa
18%
Albania - Spagna 0-1 Ferran Torres
18%
Georgia - Repubblica Ceca 1-1 Giorgi Mamardashvili
18%
Francia - Belgio 1-0 Jules Koundé
18%
Belgio - Romania 2-0 Kevin De Bruyne
18%
Ucraina - Belgio 0-0 Kevin De Bruyne
18%
Austria - Francia 0-1 N'Golo Kanté
18%
Paesi Bassi - Francia 0-0 N'Golo Kanté
18%
Svizzera - Italia 2-0 Ruben Vargas
18%
Paesi Bassi - Turchia 2-1 Stefan de Vrij
18%
Inghilterra - Slovenia 0-0 Adam Gnezda Čerin
9%
Germania - Danimarca 2-0 Antonio Rüdiger
9%
Germania - Ungheria 2-0 İlkay Gündoğan
9%
Francia - Polonia 1-1 Łukasz Skorupski
9%
Scozia - Svizzera 1-1 Manuel Akanji
9%
Romania - Ucraina 3-0 Nicolae Stanciu
9%
Belgio - Slovacchia 0-1 Stanislav Lobotka
9%
Slovacchia - Romania 1-1 Stanislav Lobotka
9%
Portogallo - Repubblica Ceca 2-1 Vitinha
9%
Croazia - Albania 2-2 Andrej Kramarić
0%
Repubblica Ceca - Turchia 1-2 Barış Alper Yılmaz
0%
Polonia - Austria 1-3 Christoph Baumgartner
0%
Slovacchia - Ucraina 1-2 Mykola Shaparenko
0%
Danimarca - Inghilterra 1-1 Pierre-Emile Højbjerg
0%
Scozia - Ungheria 0-1 Roland Sallai
0%
Slovenia - Serbia 1-1 Žan Karničnik
0%
Nessun quiz corrispondente trovato
Distribuzione punteggi
Percentuale di utenti per punteggio
Percentile per numero di risposta
I tuoi punteggi nel tempo
Non hai fatto questo quiz dall'ultimo reset